LEADER 03126nam 2200601 a 450 001 9910789979003321 005 20230126205033.0 010 $a1-280-65113-X 010 $a9786613634122 010 $a1-61148-387-5 035 $a(CKB)2670000000155054 035 $a(EBL)862661 035 $a(OCoLC)778339907 035 $a(SSID)ssj0000614228 035 $a(PQKBManifestationID)12292097 035 $a(PQKBTitleCode)TC0000614228 035 $a(PQKBWorkID)10587232 035 $a(PQKB)10304216 035 $a(MiAaPQ)EBC862661 035 $a(Au-PeEL)EBL862661 035 $a(CaPaEBR)ebr10554850 035 $a(CaONFJC)MIL363412 035 $a(EXLCZ)992670000000155054 100 $a20110805d2011 uy 0 101 0 $aeng 135 $aur|n|---||||| 181 $ctxt 182 $cc 183 $acr 200 10$aDarwinism in Argentina$b[electronic resource] $emajor texts, 1845-1909 /$fedited by Leila Go?mez ; translated by Nicholas Ford Callaway 210 $aLanham, Md. $cBucknell University Press $cCo-published with Rowman & Littlefield Pub. Group$d2011 215 $a1 online resource (289 p.) 300 $aDescription based upon print version of record. 311 $a1-61148-386-7 320 $aIncludes bibliographical references and index. 327 $aCover; Half Title; Title; Copyright; Contents; SOURCES AND ACKNOWLEDGMENTS; ACKNOWLEDGMENTS; ABBREVIATIONS; INTRODUCTION; PART I; THE WOODPECKER OF THE PAMPAS; THE RESPONSE; THE MUN?I-FELIS BONAERENSIS; A LETTER TO MUN?IZ; N?ATA OXEN; PART II; TWO PARTIES IN CONFLICT; CHARLES ROBERT DARWIN; THE STUDY OF SOUTH AMERICAN MAN; DARWIN; LUZ DEL DI?A'S PILGRIMAGE; HISTORY OF CREATION; REMEMBRANCE IN HONOR OF DARWIN; TRIBUTE TO AMEGHINO; NATURALISM AND EDUCATION; YZUR; PART III; THE ARGENTINE MASSES; OUR AMERICA; THE SOCIOLOGICAL EVOLUTION OF ARGENTINA; RACIAL CONFLICT AND HARMONY IN THE AMERICAS 327 $aBIBLIOGRAPHYINDEX; ABOUT THE EDITOR 330 $aDarwinism in Argentina: Major Texts (1845-1909) brings together essays, letters, short-stories, and public lectures by travelers, scientists, writers, and politicians about Darwin and the theory of evolution in XIX century Argentina. This selection of texts provides a thorough overview of the socio-ideological implications of the theory of evolution in South America, as well as the intellectual debate this scientific theory promoted in the discourses of fiction, law, history, and medicine in the form 606 $aEvolution (Biology)$zArgentina$xHistory$y19th century$vSources 606 $aEvolution (Biology)$xSocial aspects$zArgentina$xHistory$y19th century$vSources 607 $aArgentina$xIntellectual life$y19th century$vSources 615 0$aEvolution (Biology)$xHistory 615 0$aEvolution (Biology)$xSocial aspects$xHistory 676 $a576.8/20982 701 $aGo?mez$b Leila$0911484 701 $aCallaway$b Nicholas Ford$01486664 801 0$bMiAaPQ 801 1$bMiAaPQ 801 2$bMiAaPQ 906 $aBOOK 912 $a9910789979003321 996 $aDarwinism in Argentina$93706237 997 $aUNINA LEADER 01997oam 2200553zu 450 001 9910872700603321 005 20241212215304.0 035 $a(CKB)1000000000021947 035 $a(SSID)ssj0000395151 035 $a(PQKBManifestationID)12170533 035 $a(PQKBTitleCode)TC0000395151 035 $a(PQKBWorkID)10450591 035 $a(PQKB)10438977 035 $a(EXLCZ)991000000000021947 100 $a20160829d2005 uy 101 0 $aeng 181 $ctxt 182 $cc 183 $acr 200 10$aHIS'04 : Fourth International Conference on Hybrid Intelligent Systems, proceedings, 5-8 December, 2004, Kitakyushu, Japan 210 31$a[Place of publication not identified]$cIEEE Computer Society$d2005 300 $aBibliographic Level Mode of Issuance: Monograph 311 08$a9780769522913 311 08$a0769522912 606 $aSoft computing$vCongresses 606 $aHybrid computers$vCongresses 606 $aNeural networks (Computer science)$vCongresses 606 $aFuzzy systems$vCongresses 606 $aExpert systems (Computer science)$vCongresses 606 $aArtificial intelligence$vCongresses 606 $aEngineering & Applied Sciences$2HILCC 606 $aComputer Science$2HILCC 615 0$aSoft computing 615 0$aHybrid computers 615 0$aNeural networks (Computer science) 615 0$aFuzzy systems 615 0$aExpert systems (Computer science) 615 0$aArtificial intelligence 615 7$aEngineering & Applied Sciences 615 7$aComputer Science 676 $a006.3 712 02$aIEEE Systems, Man, and Cybernetics Society, 712 02$aIEEE Computational Intelligence Society, 712 12$aInternational Conference on Hybrid Intelligent Systems. 801 0$bPQKB 906 $aPROCEEDING 912 $a9910872700603321 996 $aHIS'04 : Fourth International Conference on Hybrid Intelligent Systems, proceedings, 5-8 December, 2004, Kitakyushu, Japan$92406095 997 $aUNINA